Broadway Musicals: Show to Movie, or Movie to Show? - Statistics

General Stats
  • This quiz has been taken 11 times
  • The average score is 11 of 20
Answer Stats
Question Answer % Correct
Shrek Movie ----> Broadway Musical
90%
Death Becomes Her Movie ----> Broadway Musical
80%
The Sound of Music Broadway Musical ----> Movie Musical
70%
Cabaret Broadway Musical ----> Movie Musical
70%
Beaches Movie ----> Broadway Musical
70%
An American In Paris Movie Musical ----> Broadway Musical
70%
Schmigadoon! Musical TV series ----> Broadway Musical
70%
West Side Story Broadway Musical ----> Movie Musical
60%
My Fair Lady Broadway Musical ----> Movie Musical
60%
The Full Monty Movie ----> Broadway Musical
60%
The Band's Visit Movie ----> Broadway Musical
60%
Mean Girls Movie ---->.Broadway Musical ----->.New Movie Musical
60%
Mary Poppins Movie ----> Broadway Musical
50%
Hairspray Movie ---->.Broadway Musical ----->.New Movie Musical
50%
The Producers Movie ---->.Broadway Musical ----->.New Movie Musical
50%
Once Movie ----> Broadway Musical
40%
Grease Broadway Musical ----> Movie Musical
30%
The Color Purple Movie ---->.Broadway Musical ----->.New Movie Musical
20%
Little Shop of Horrors Movie ---->.Off-Broadway Musical ----->.New Movie Musical
20%
Charlie and the Chocolate Factory/Willy Wonka and the Chocolate Factory Movie Musical ----> Broadway Musical
20%
No matching quizzes found
Score Distribution
Percent of People with Each Score
Percentile by Number Answered
Your Score History
You have not taken this quiz